|
|
|
|
| LEADER |
01292nam a2200385 a 4500 |
| 001 |
000633098 |
| 003 |
CZ BrMZK |
| 005 |
20181211132757.0 |
| 007 |
ta |
| 008 |
021025s2002 xr g f cze d |
| 015 |
|
|
|a cnb001194441
|
| 020 |
|
|
|a 80-7174-498-0
|
| 035 |
|
|
|a (OCoLC)53270352
|
| 040 |
|
|
|a BOA001
|b cze
|
| 041 |
1 |
|
|a cze
|h eng
|
| 072 |
|
7 |
|a 821.111(73)-3
|x Americká próza
|2 Konspekt
|9 25
|
| 080 |
|
|
|a 821.111(73)-31
|2 MRF
|
| 080 |
|
|
|a (0:82-312.9)
|2 MRF
|
| 100 |
1 |
|
|a Weis, Margaret,
|d 1948-
|7 jn20001103813
|4 aut
|
| 245 |
1 |
0 |
|a Kroniky.
|n Svazek 2,
|p Draci zimní noci /
|c Margaret Weis & Tracy Hickman
|
| 246 |
3 |
0 |
|a Draci zimní noci
|
| 250 |
|
|
|a 2. vyd.
|
| 260 |
|
|
|a Brno :
|b Návrat,
|c 2002
|
| 300 |
|
|
|a 453 s. :
|b mapa ;
|c 19 cm
|
| 490 |
1 |
|
|a Dragon lance
|
| 500 |
|
|
|a Z cyklu Dračí kopí - sága
|
| 655 |
|
7 |
|a americké romány
|7 fd131796
|2 czenas
|
| 655 |
|
7 |
|a fantasy romány
|7 fd184199
|2 czenas
|
| 700 |
1 |
|
|a Doležel, Pavel,
|d 1939-
|7 mzk2006322936
|
| 700 |
1 |
|
|a Hickman, Tracy,
|d 1955-
|7 jn20001227778
|4 aut
|
| 765 |
0 |
|
|t Chronicles, volume 2 Dragons of winter night
|
| 830 |
|
0 |
|a DragonLance (Návrat)
|0 s
|
| 910 |
|
|
|a BOA001
|b 1-1105.132,2
|
| 990 |
|
|
|a BK
|
| 996 |
6 |
|
|b 2610173131
|c 1-1105.132,2
|l MZK
|r Sklad / do 1 hodiny
|n 10
|p p.v.
|w 000633098
|u 000010
|a 1
|e BOA001
|j MZK50
|s P
|